Le Poids et le Moi (notice n° 1708511)

détails MARC
000 -LEADER
fixed length control field 01458cam a2200133 4500500
005 - DATE AND TIME OF LATEST TRANSACTION
control field 20260322000708.0
041 ## - LANGUAGE CODE
Language code of text/sound track or separate title fre
042 ## - AUTHENTICATION CODE
Authentication code dc
100 10 - MAIN ENTRY--PERSONAL NAME
Personal name Waysfeld, Bernard
Relator term author
245 00 - TITLE STATEMENT
Title Le Poids et le Moi
260 ## - PUBLICATION, DISTRIBUTION, ETC.
Name of publisher, distributor, etc. Dunod,<br/>
Date of publication, distribution, etc. 2020.<br/>
520 ## - SUMMARY, ETC.
Summary, etc. Il n’y a pas de problème de poids», nous dit l’auteur de ce livre: trois kilos de trop, n’est-ce pas plutôt une question d’image, d’exigences personnelles&amp;#8239;? Cent kilos de trop, est-ce encore un problème de poids&amp;#8239;?Au fil des restrictions inutiles se succèdent les phases anorexiques et boulimiques qui aboutissent au funeste yoyo. Il appartient au clinicien de mettre un terme à un itinéraire qui mène à des obésités irréversibles.Loin des attitudes monolithiques, du tout génétique comme du tout psychologique, Bernard Waysfeld propose l’analyse minutieuse de tous les facteurs en cause. En clinicien expérimenté, il interroge le désir qui sous-tend la demande du sujet. Faut-il même maigrir&amp;#8239;? Quelles sont les opportunités à saisir, les erreurs à ne pas commettre&amp;#8239;?À travers de nombreux exemples, c’est toute une expérience qui se transmet, un savoir-entendre, clef d’un nouveau savoir-vivre. L’auteur nous raconte de façon vivante, drôle ou triste, l’histoire des autres – un peu de nous-mêmes.
856 41 - ELECTRONIC LOCATION AND ACCESS
Uniform Resource Identifier <a href="https://shs.cairn.info/le-poids-et-le-moi--9782100804467?lang=fr&redirect-ssocas=7080">https://shs.cairn.info/le-poids-et-le-moi--9782100804467?lang=fr&redirect-ssocas=7080</a>

Pas d'exemplaire disponible.

PLUDOC

PLUDOC est la plateforme unique et centralisée de gestion des bibliothèques physiques et numériques de Guinée administré par le CEDUST. Elle est la plus grande base de données de ressources documentaires pour les Étudiants, Enseignants chercheurs et Chercheurs de Guinée.

Adresse

627 919 101/664 919 101

25 boulevard du commerce
Kaloum, Conakry, Guinée

Réseaux sociaux

Powered by Netsen Group @ 2025